| 000 | 01384nam a2200337Ia 4500 | ||
|---|---|---|---|
| 001 | ebr10359051 | ||
| 003 | CaPaEBR | ||
| 006 | m u | ||
| 007 | cr cn||||||||| | ||
| 008 | 090910s2009 xxua sb 001 0 eng d | ||
| 020 | _z9781596934023 | ||
| 040 |
_aCaPaEBR _cCaPaEBR |
||
| 035 | _a(OCoLC)542050611 | ||
| 050 | 1 | 4 |
_aQH588.S83 _bS7393 2009eb |
| 245 | 0 | 0 |
_aStem cell bioengineering _h[electronic resource] / _cBiju Parekkadan, Martin L. Yarmush, editors. |
| 260 |
_aBoston, Mass. ; _aLondon : _bArtech House, _cc2009. |
||
| 300 |
_axiv, 208 p. : _bill. (chiefly col.). |
||
| 490 | 1 | _aArtech House methods in bioengineering series | |
| 500 | _aSeries title given on title page as: Methods in bioengineering. | ||
| 504 | _aIncludes bibliographical references and index. | ||
| 533 |
_aElectronic reproduction. _bPalo Alto, Calif. : _cebrary, _d2011. _nAvailable via World Wide Web. _nAccess may be limited to ebrary affiliated libraries. |
||
| 650 | 0 | _aBioengineering. | |
| 650 | 0 |
_aStem cells _xResearch. |
|
| 650 | 0 | _aStem cells. | |
| 655 | 7 |
_aElectronic books. _2local |
|
| 700 | 1 | _aParekkadan, Biju. | |
| 700 | 1 | _aYarmush, Martin L. | |
| 710 | 2 | _aebrary, Inc. | |
| 830 | 0 | _aArtech House methods in bioengineering series. | |
| 856 | 4 | 0 |
_uhttp://site.ebrary.com/lib/rucke/Doc?id=10359051 _zAn electronic book accessible through the World Wide Web; click to view |
| 999 |
_c104624 _d104624 |
||